| 000 | 01236cam a22002291 4500 | ||
|---|---|---|---|
| 001 | e 17000304 | ||
| 003 | DLC | ||
| 005 | 20260227111207.0 | ||
| 008 | 790213s1917 xx 000 0 eng c | ||
| 010 | _ae 17000304 | ||
| 035 | _a(OCoLC)4650517 | ||
| 040 |
_aLibrary, U.S. Bur. of Education _cOCl _dDLC |
||
| 050 | 0 | 0 |
_aHV3006.C2 _bA45 |
| 110 | 1 |
_aCalifornia. _bLegislature. _bCommittee on mental deficiency and the proposed institution for the care of feeble-minded and epileptic persons. |
|
| 245 | 0 | 0 |
_aReport of 1915 Legislature committee on mental deficiency and the proposed institution for the care of feeble-minded and epileptic persons, _bpursuant to the provisions of chapter 729, statutes of 1915, _cby the committee: Fred. C. Nelles, chairman. Transmitted to the Legislature, January 1917. |
| 260 |
_a[Whittier, Cal., _bWhittier state school, Dept. of printing instruction, _c1917] |
||
| 300 |
_a68, 16 p., 1 l., vi p. _bdiagrs. _c23 cm. |
||
| 500 | _a"Note" inserted after p. vi. | ||
| 500 | _aCommittee composed of superintendent and trustees of Whittier state school and two persons designated by the Psychopathic association of California. | ||
| 650 | 0 | _aPeople with mental disabilities. | |
| 700 | 1 | _aNelles, Fred. C. | |
| 999 |
_c20084 _d20084 |
||